Central Library OPAC University of Rajshahi

Malaya, Indonesia, Borneo, and the Philippines : (Record no. 68452)

MARC details
000 -LEADER
fixed length control field 00890nam a2200253 a 4500
001 - CONTROL NUMBER
control field 68452
003 - CONTROL NUMBER IDENTIFIER
rucl marc code BD-RjUL
005 - DATE AND TIME OF LATEST TRANSACTION
control field 20211209081756.0
008 - FIXED-LENGTH DATA ELEMENTS--GENERAL INFORMATION
fixed length control field 170403r19551954enka b 00110 eeng d
035 ## - SYSTEM CONTROL NUMBER
System control number (BD-RjUL)68662
040 ## - CATALOGING SOURCE
Original cataloging agency BD-RjUL
Language of cataloging eng
Transcribing agency BD-RjUL
Modifying agency BD-RjUL
041 1# - LANGUAGE CODE
Language code of text/sound track or separate title eng
Language code of original fre
082 ## - DEWEY DECIMAL CLASSIFICATION NUMBER
Edition number 23
Classification number 915.9
Author mark and year ROM 1955
100 1# - MAIN ENTRY--PERSONAL NAME
Personal name Robequain, Charles
9 (RLIN) 69394
245 10 - TITLE STATEMENT
Title Malaya, Indonesia, Borneo, and the Philippines :
Remainder of title A geographical, economic, and political description of Malaya, the East Indies, and the Philippines /
Statement of responsibility, etc. by Charles Robequain ; translated by E.D. Laborde
260 ## - PUBLICATION, DISTRIBUTION, ETC. (IMPRINT)
Place of publication, distribution, etc. London :
Name of publisher, distributor, etc. Longmans, Green,
Date of publication, distribution, etc. 1955
300 ## - PHYSICAL DESCRIPTION
Pagination xi, 456 p. :
Illustrations ill. ;
Size 23 cm
500 ## - GENERAL NOTE
General note Second Impression.
504 ## - BIBLIOGRAPHY, ETC. NOTE
Bibliography, etc Bibliography: p. 445-457
650 ## - SUBJECT ADDED ENTRY--TOPICAL TERM
Topical term or geographic name as entry element Asia--Malay Archipelago
9 (RLIN) 205752
651 ## - SUBJECT ADDED ENTRY--GEOGRAPHIC NAME
Geographic name Philippines
9 (RLIN) 205753
700 ## - ADDED ENTRY--PERSONAL NAME
Personal name Laborde, E.D.
942 ## - ADDED ENTRY ELEMENTS (KOHA)
Source of classification or shelving scheme Dewey Decimal Classification
Koha item type Books
Holdings
Lost status Source of classification or shelving scheme Damaged status Not for loan Collection code Permanent Location Current Location Shelving location Date acquired Source of acquisition Cost, normal purchase price Total Checkouts Full call number Date last seen Copy number Koha item type
  Dewey Decimal Classification   Not For Loan Non-fiction Central Library, University of Rajshahi Central Library, University of Rajshahi Reading Room 17/12/1957 B. H. Blackwell 1.15   915.9 ROM 1955 03/04/2017 C-1 Books